000 00221nam a22000977a 4500
999 _c16023
_d16023
003 OSt
008 191028b ||||| |||| 00| 0 eng d
100 _aKanam,E J.
_94460
245 _aKomala malayile pullanguzhal
942 _cBK